000 00888nam a22002657i 4500
999 _c23540
_d23540
003 AR-CdUCM
008 260302b20222022 pe||||| |||| 00| 0 spa d
020 _a978-84-19087-08-9
040 _aMUNICIPALIDAD PROVINCIAL DEL CUSCO
_cBIBLIOTECA MUNICIPAL DEL CUSCO
041 _hspa
082 _aEP / 550
_bP11
110 _aPlutón Ediciones 2022 /
_952373
245 _aPlaneta Tierra :
_b500 Curiosidades /
260 _aIndia :
_bPlutón Ediciones
_c2022
300 _a192 páginas. :
_c24x18 cm.
505 _aFormación de la Tierra -- Fósiles -- Suelos -- Tiempo -- Masas de agua -- Montañas -- Pastizales -- Desiertos -- Tornados
650 _aHuracanes
_952374
650 _aSequias
_952375
650 _aVolcanes
_922630
650 _aTornados
_952376
650 _aDesiertos
_919252
856 _fwww.plutonkids.es
942 _2ddc
_cLIBROS
945 _apbjr
_d02-03-2026